000 01095cam a2200337 i 4500
999 _c130400
_d130400
001 18115697
003 ARRUPE
005 20200312121355.0
008 140415s1999 enk b 001 0 eng
010 _a 2013388579
020 _a9781848139503 (pb)
020 _a9781848139510 (hb)
040 _aDLC
_beng
_cDLC
_erda
042 _apcc
050 0 0 _aGN380
_b.S65 2012
082 0 0 _a305.8/0072
_223
100 1 _aSmith, Linda Tuhiwai,
_d1950-
_949618
245 1 0 _aDecolonizing methodologies :
_bresearch and indigenous peoples /
_cLinda Tuhiwai Smith.
250 _aSecond edition.
260 _aLondon
_bZed Books
_c2012
300 _axv, 240 pages ;
_c22 cm
504 _aIncludes bibliographical references and index.
650 0 _aIndigenous peoples
_xResearch.
_949619
650 0 _aEthnology
_xResearch.
_949620
650 0 _aEthnology
_xMethodology.
_93253
650 0 _aImperialism
_xHistory.
_99126
650 0 _aColonization
_xHistory.
_935961
906 _a7
_bcbc
_corignew
_d2
_encip
_f20
_gy-gencatlg
942 _2lcc
_cMONOGRAPH